Adivinhe a música da Taylor Swift sem dicas #21 - Statistics

Estatísticas Gerais
  • Esse quiz foi jogado 82 vezes
  • A pontuação média é 233 de 445
Estatísticas das Respostas
Resposta % Correto
a
97%
I
97%
i
97%
you
95%
you,
95%
You
95%
me
90%
do
89%
the
89%
be
82%
my
79%
on
77%
this
77%
Your
76%
your
76%
when
74%
don't
73%
Don't
73%
To
73%
to
73%
And
71%
and
71%
ever
69%
in
69%
in,
69%
In
69%
so
66%
So
66%
that
66%
It
63%
it
63%
no
63%
never
61%
Never
61%
is
58%
up
58%
all
56%
At
56%
for
56%
what
56%
Just
55%
just
55%
of
55%
like
53%
night
53%
you're
53%
You're
53%
Oh,
52%
oh
52%
stay
52%
her
50%
too
50%
grow
48%
have
48%
little
48%
But
47%
can't
47%
got
47%
it's
47%
It's
47%
am
45%
could
45%
Could
45%
car
44%
If
44%
one
44%
they
44%
will
44%
'cause
42%
darlin',
42%
heart
42%
said
42%
let
40%
won't
40%
Won't
40%
finger
39%
hand's
37%
hurt
37%
I'd
37%
simple
37%
everything
35%
nothing
35%
off
35%
around
34%
Around
34%
make
34%
give
32%
nobody
32%
out
32%
break
31%
light
31%
new
31%
try
31%
want
31%
call
29%
favorite
29%
funny
29%
home
29%
Remember
29%
remember
29%
Take
29%
tonight
29%
world
29%
would
29%
dad
27%
gettin'
27%
gonna
27%
honey
27%
room
27%
she's
27%
way
27%
Wish
27%
wish
27%
quiet
26%
regret
26%
wrapped
26%
here
24%
mind
24%
much
24%
wanna
24%
even
23%
gone
23%
left
23%
there's
23%
though
23%
turn
23%
drop
21%
school
21%
wait
21%
city,
19%
lose
19%
pictures
19%
someday
19%
still
19%
apartment
18%
movies
18%
ready
18%
big
16%
everything's
16%
footsteps,
16%
fourteen,
16%
gets
16%
grown
16%
move
16%
own
16%
PJs
16%
than
16%
words
16%
mom's
15%
mortified
15%
older
15%
Please
15%
tuck
15%
block
13%
brother's
13%
childhood
13%
dance
13%
desert
13%
dreamin'
13%
droppin'
13%
eyelids
13%
getting
13%
scarred
13%
burned
11%
shots
11%
songs
11%
flutter
10%
myself
8%
Nothing's
8%
realized
8%
thought
8%
dropped
6%
Memorize
6%
one's
6%
sounded
6%
colder
5%
nightlight
3%
Nenhum quiz correspondente encontrado
Distribuição das Pontuações
Porcentagem de Pessoas com Cada Pontuação
Percentil de Números Respondidos
Sua Pontuação Histórica
Você não jogou esse quiz